Introduction to Internet of Things : Connecting Devices Edge Gateway & Cloud With Applications (Record no. 13229)
[ view plain ]
| 000 -LEADER | |
|---|---|
| fixed length control field | 00458nam a22001697a 4500 |
| 003 - CONTROL NUMBER IDENTIFIER | |
| control field | OSt |
| 008 - FIXED-LENGTH DATA ELEMENTS--GENERAL INFORMATION | |
| fixed length control field | 250403b |||||||| |||| 00| 0 eng d |
| 020 ## - INTERNATIONAL STANDARD BOOK NUMBER | |
| International Standard Book Number | 9789353500931 |
| 082 ## - DEWEY DECIMAL CLASSIFICATION NUMBER | |
| Classification number | 004.67 DUI |
| 100 ## - MAIN ENTRY--PERSONAL NAME | |
| Personal name | DUBEY, Rahul |
| 245 ## - TITLE STATEMENT | |
| Title | Introduction to Internet of Things : Connecting Devices Edge Gateway & Cloud With Applications |
| 250 ## - EDITION STATEMENT | |
| Edition statement | Ist. ed., |
| 260 ## - PUBLICATION, DISTRIBUTION, ETC. (IMPRINT) | |
| Place of publication, distribution, etc | India, |
| Name of publisher, distributor, etc | Cengage, |
| Date of publication, distribution, etc | 2019, |
| 300 ## - PHYSICAL DESCRIPTION | |
| Extent | 427 p. |
| 650 ## - SUBJECT ADDED ENTRY--TOPICAL TERM | |
| Topical term or geographic name as entry element | English |
| 942 ## - ADDED ENTRY ELEMENTS (KOHA) | |
| Source of classification or shelving scheme | Dewey Decimal Classification |
| Koha item type | Text Books |
| Withdrawn status | Lost status | Source of classification or shelving scheme | Damaged status | Not for loan | Collection code | Home library | Current library | Date acquired | Source of acquisition | Currency | Cost, normal purchase price | Bill Number | Total Checkouts | Full call number | Acc. no. / Barcode | Date last seen | Actual Cost, discounted price | Bill Date | Koha item type | Date last borrowed |
|---|---|---|---|---|---|---|---|---|---|---|---|---|---|---|---|---|---|---|---|---|
| Dewey Decimal Classification | B.A Hons. English | PIET NCR College Library | PIET NCR College Library | 28/03/2025 | Zafaa Books & Distributers | In Rupees | 475.00 | ZBD0583 | 004.67 DUI | N3824 | 03/04/2025 | 342.00 | 28/03/2025 | Reference Books | ||||||
| Dewey Decimal Classification | B.A Hons. English | PIET NCR College Library | PIET NCR College Library | 28/03/2025 | Zafaa Books & Distributers | In Rupees | 475.00 | ZBD0583 | 1 | 004.67 DUI | N3825 | 10/06/2025 | 342.00 | 28/03/2025 | Text Books | 06/05/2025 |